Destination south pacific perspectives on island tourism
Αποθηκεύτηκε σε:
| Άλλοι συγγραφείς: | |
|---|---|
| Μορφή: | Βιβλίο |
| Γλώσσα: | English |
| Δημοσίευση: |
Paris :
Centre des hautes etudes touristiques,
1992
|
| Σειρά: | Cahiers du tourisme. Serie B ;
; 60 |
| Θέματα: | |
| Ετικέτες: |
Προσθήκη ετικέτας
Δεν υπάρχουν, Καταχωρήστε ετικέτα πρώτοι!
|
MARC
| LEADER | 00000nam a2200000 i 4500 | ||
|---|---|---|---|
| 001 | 1/67473 | ||
| 008 | 960619s1992 eng d | ||
| 035 | |l 10030015 | ||
| 040 | |a GR-MY-UA |b gre |e aacr | ||
| 041 | 0 | |a eng | |
| 082 | 0 | |a 338.47919 | |
| 100 | 1 | |a Kissling, Christopher. |4 edt | |
| 245 | 1 | 0 | |a Destination south pacific perspectives on island tourism / |c Edited by:Christopher Kissling |
| 260 | |a Paris : |b Centre des hautes etudes touristiques, |c 1992 | ||
| 300 | |a 100 p. | ||
| 490 | 1 | |a Cahiers du tourisme. Serie B |v ; 60 | |
| 500 | |a Includes references | ||
| 650 | 0 | 0 | |a Tourism. |
| 650 | 0 | 0 | |a Tourism |z Oceania. |
| 830 | 0 | |a Cahiers du tourisme. Serie B ; |v ; 60 | |
| 852 | |a INST |b CHIOS |e 19960619 |h 338.47919 DES |p 005200007733 |q 005200007733 |t BK |y 0 | ||
| 909 | |a Χ |b 032171 | ||